Top 10 Stations: Sydney - Statistics

General Stats
  • This quiz has been taken 32 times
  • The average score is 4 of 5
Answer Stats
Category A Category B Category C Answers % Correct
Starts with A or B Does not border Strathfield Is within 15km of Central Allawah | Arncliffe | Artarmon | Ashfield | Banksia | Bardwell Park | Belmore | Beverly Hills | Bexley North | Bondi Junction
92%
Is on only three lines Is not on T4 Is on T2 Cabramatta | Circular Quay | Glenfield | Harris Park | Liverpool | Museum | Parramatta | St James | Strathfield | Warwick Farm
92%
Is in City of Sydney, City of Willoughby or North Sydney Council Is one word Was not the first station opened along with Ashfield, Newtown, Burwood, Homebush and Parramatta on the 26th of September, 1855 🥵🥵🥵 Erskineville | Macdonaldtown | Newtown | Redfern | Wynyard | Museum | Waverton | Wollstonecraft | Artarmon | Chatswood
92%
Starts with a letter from A - H Is two-worded Is not solely on T8 Canley Vale | Chester Hill | Circular Quay | Concord West | Dulwich Hill | East Richmond | Edmondson Park | Emu Plains | Harris Park | Hurlstone Park
84%
Is 6 or less letters long Scores at least 8 points in Scrabble Contains a T, U, V or Y Auburn(8) | Casula(8) | Clyde(11) | Gymea(11) | Loftus(9) | Museum(10) | Oatley(9) | Pymble(15) | Sefton (9) | Tempe(9)
80%
No matching quizzes found
Score Distribution
Percent of People with Each Score
Percentile by Number Answered
Your Score History
You have not taken this quiz